000 00975nam a2200253 a 4500
001 65588
003 BD-RjUL
005 20211209081437.0
008 170308s2006 b ||||| |||| 001 0 b d
020 _a9844930871
035 _a(BD-RjUL)65718
040 _aBD-RjUL
_bben
_cBD-RjUL
_dBD-RjUL
041 _aben
082 _223
_a954.9203
_bMAB 2006
100 _aমান্নান, মোহাম্মদ আবদুল
_9192182
245 _aবাংলা ও বাংগালী :
_bমুক্তি সংগ্রামের মূলধারা /
_cমোহাম্মদ আবদুল মান্নান
250 _a৩য় সং.
260 _aঢাকা :
_bচট্টগ্রাম ;
_c২০০৬
300 _a২৩৬ পৃ. ;
_c২৪ সেমি.
500 _aনির্ঘন্ট
650 _a বাংলাদেশ
_xইতিহাস
_9179245
650 _a Bangladesh
_xHistory
_9183048
942 _2ddc
_cBK
999 _c65588
_d65588